|
|
|
|
| LEADER |
00000nam a2200000Ii 4500 |
| 001 |
DIGVIETO234 |
| 003 |
NyNyDIG |
| 007 |
cr ||||||||||| |
| 008 |
211127s2005 sp ob 000 0bspa d |
| 006 |
m o d |
| 035 |
|
|
|a (OCoLC)1287826577
|
| 040 |
|
|
|a DGITA
|b eng
|e rda
|e pn
|c DGITA
|
| 020 |
|
|
|z 9788496356597
|
| 041 |
1 |
|
|a spa
|h eng
|
| 043 |
|
|
|a e-uk-en
|
| 050 |
1 |
4 |
|a PR4146 ebook
|
| 082 |
1 |
4 |
|a 821.7
|
| 100 |
1 |
|
|a Cox, Judy,
|d 1954-
|e author.
|
| 240 |
1 |
0 |
|a William Blake, the scourge of tyrants.
|l Spanish
|s (Galdón)
|
| 245 |
1 |
0 |
|a William Blake :
|b flagelo de tiranos /
|c Judy Cox ; traducción, Gemma Galdón.
|
| 264 |
|
1 |
|a [Barcelona, Spain] :
|b El Viejo Topo,
|c [2005]
|
| 300 |
|
|
|a 1 online resource.
|
| 336 |
|
|
|a text
|b txt
|2 rdacontent
|
| 337 |
|
|
|a computer
|b c
|2 rdamedia
|
| 338 |
|
|
|a online resource
|b cr
|2 rdacarrier
|
| 347 |
|
|
|a text file
|2 rdaft
|
| 347 |
|
|
|b PDF
|
| 490 |
1 |
|
|a Retratos del Viejo Topo
|
| 504 |
|
|
|a Includes bibliographical references.
|
| 588 |
0 |
|
|a Online resource; title from PDF title page (Digitalia, viewed November 27, 2021)
|
| 600 |
1 |
0 |
|a Blake, William,
|d 1757-1827.
|
| 650 |
|
0 |
|a Poets, English
|v Biography.
|
| 650 |
|
0 |
|a Artists
|z England
|v Biography.
|
| 655 |
|
0 |
|a Electronic books.
|
| 700 |
1 |
|
|a Galdón, Gemma,
|e translator.
|
| 700 |
1 |
|
|i Translation of:
|a Cox, Judy,
|d 1954-
|t William Blake, the scourge of tyrants.
|
| 791 |
2 |
|
|a Digitalia (Firm),
|e distributor.
|
| 793 |
0 |
|
|g Digitalia eBook Collection:
|a El Viejo Topo
|
| 776 |
0 |
8 |
|i Print version:
|a Cox, Judy, 1954-
|s William Blake, the scourge of tyrants. Spanish (Galdón).
|t William Blake.
|d [Barcelona, Spain] : El Viejo Topo, [2005]
|z 9788496356597
|
| 830 |
|
0 |
|a Retratos del Topo.
|
| 856 |
4 |
0 |
|3 Digitalia Hispánica
|u https://www.digitaliapublishing.com/a/57900/
|
| 910 |
|
|
|a Premium collection: 2021
|